| 000 | 00429cam a2200181ua 4500 | ||
|---|---|---|---|
| 020 | _c5.00 | ||
| 041 |
_aeng _h |
||
| 082 |
_a307.72 _bSAY/RE |
||
| 100 | _aSayana, V.V . | ||
| 245 |
_aReadings in rural problems / _cV.V.Sayana. _hTextual Documents |
||
| 250 |
_a1 / _b. |
||
| 260 |
_aNew Delhi : _bS.Chand & Sons , _c1950. |
||
| 300 | _a184 ; . | ||
| 365 | _a5.00 | ||
| 504 | _a | ||
| 942 | _cBK | ||
| 999 |
_c1894 _d1894 |
||